000 00321 a2200157 4500
001 182157
020 _a
040 _cMagnum
100 _aRibeiro, João Ubaldo
240 1 0 _aSargento Getúlio
_lpor
245 1 0 _aSargento Getúlio
300 _a159
362 0 _a2003
697 _aLITERATURA GERAL
942 _cBK
999 _c182157
_d182157